000 00297nam a22001337a 4500
008 171006b xxu||||| |||| 00| 0 eng d
020 _a0063854422
041 _aeng
080 _a159.9
100 _a49
101 _aPSI
245 _aTHE PSYCHOLOGY OF BEING HUMAN
_cNEIL ,E.B
942 _2udc
_cBK
999 _c32386
_d32386